000 00639nam a2200229 4500
001
003 DO-SdBNP
005 20220504133745.0
008 020402s2000 nyua g 001 0 eng d
020 _a0848723732
040 _aBPMSU
_bspa
_cBPMSU
_d
082 _a641.5
_bM377s 2000
_2 22
245 0 4 _aThe Martha Stewart Living cookbook
260 _aNew York :
_bMartha Stewart Living Omnimedia LLC,
_c2000.
300 _axlviii, 592 p. :
_bcol. ill. ;
_c24 cm.
500 _aIncluye índice
590 _6Inventariado, 2022/VM
650 4 _aCocinando
730 0 _aMartha Stewart living.
910 _aVMateo V.
942 _2ddc
_cBK
999 _c14184
_d14184